Student solutions manual for Chemistry (Record no. 5417)

000 -LEADER
fixed length control field 00628nam a22002177a 4500
003 - CONTROL NUMBER IDENTIFIER
control field OSt
005 - DATE AND TIME OF LATEST TRANSACTION
control field 20220413125016.0
008 - FIXED-LENGTH DATA ELEMENTS--GENERAL INFORMATION
fixed length control field 220413b ||||| |||| 00| 0 eng d
020 ## - INTERNATIONAL STANDARD BOOK NUMBER
International Standard Book Number 0205119468
020 ## - INTERNATIONAL STANDARD BOOK NUMBER
International Standard Book Number 9780205119462
040 ## - CATALOGING SOURCE
Transcribing agency ALUPE UNIVERSITY
050 ## - LIBRARY OF CONGRESS CALL NUMBER
Classification number QD60
Item number .S78 1989
245 ## - TITLE STATEMENT
Title Student solutions manual for Chemistry
Statement of responsibility, etc. prepared by E.A. Robinson, Judith Poë, Ronald J. Gillespie
250 ## - EDITION STATEMENT
Edition statement 2nd ed.
260 ## - PUBLICATION, DISTRIBUTION, ETC.
Place of publication, distribution, etc. Boston :
Name of publisher, distributor, etc. Allyn and Bacon,
Date of publication, distribution, etc. c1989.
300 ## - PHYSICAL DESCRIPTION
Extent 543 p;
Dimensions 27cm.
700 ## - ADDED ENTRY--PERSONAL NAME
Personal name Enders A Robinson;
700 ## - ADDED ENTRY--PERSONAL NAME
Personal name Judith Poë;
700 ## - ADDED ENTRY--PERSONAL NAME
Personal name Ronald J Gillespie
942 ## - ADDED ENTRY ELEMENTS (KOHA)
Source of classification or shelving scheme
Koha item type Book
Suppress in OPAC BA
Holdings
Withdrawn status Lost status Source of classification or shelving scheme Damaged status Not for loan Permanent Location Current Location Shelving location Date acquired Source of acquisition Total Checkouts Full call number Barcode Date last seen Price effective from Koha item type Public note
          AU LIBRARY AU LIBRARY Open Shelf 13.04.2022 DONATION FROM MOI UNIVERSITY   QD60 .S78 1989 28009172 13.04.2022 13.04.2022 Book BA

Powered by Koha